Procesní řízení ve výrobní logistice
Logistická činnosť v podniku ovplyvňovaná faktormi prostredia, v ktorom podnik pracuje. Logistický prístup pri riadení výroby. Dynamika a pružnosť logistického výrobného systému. Štruktúra výrobného systému a jeho hlavné funkcie. Koncepcia JIT (Just in time) a zlepšenie konkurencieschopnosti podniku...
Na minha lista:
| Autor principal: | |
|---|---|
| Formato: | Capítulo de Livro |
| Idioma: | tcheco |
| Assuntos: | |
| Tags: |
Sem tags, seja o primeiro a adicionar uma tag!
|
MARC
| LEADER | 00000naa$a2200000$$$4500 | ||
|---|---|---|---|
| 001 | 0022325 | ||
| 005 | 20231113114547.9 | ||
| 041 | 0 | |a cze | |
| 044 | |a CZ | ||
| 245 | 1 | 0 | |a Procesní řízení ve výrobní logistice |c Marie Jurová |
| 520 | |a Logistická činnosť v podniku ovplyvňovaná faktormi prostredia, v ktorom podnik pracuje. Logistický prístup pri riadení výroby. Dynamika a pružnosť logistického výrobného systému. Štruktúra výrobného systému a jeho hlavné funkcie. Koncepcia JIT (Just in time) a zlepšenie konkurencieschopnosti podniku, premena podniku na strategický tržne orientovaný logistický systém. Priority koncepcie JIT. Metodika implementácie JIT. Integrácia logistických výrobných systémov. | ||
| 610 | 2 | 0 | |a stratégia podniková |
| 610 | 2 | 0 | |a riadenie procesné |
| 610 | 2 | 0 | |a riadenie kvality |
| 610 | 2 | 0 | |a riadenie výroby |
| 610 | 2 | 0 | |a podnik výrobný |
| 610 | 2 | 0 | |a výrobky |
| 610 | 2 | 0 | |a automatizácia |
| 610 | 2 | 0 | |a vzťahy dodávateľsko-odberateľské |
| 610 | 2 | 0 | |a logistika |
| 610 | 2 | 0 | |a zásoby |
| 610 | 2 | 0 | |a náklady |
| 610 | 2 | 0 | |a distribúcia |
| 610 | 2 | 0 | |a JIT |
| 100 | 1 | |a Jurová, Marie | |